000 00507nmm a2200157Ia 4500
008 251105s9999||||xx |||||||||||||||||und||
020 _a9788490294116
041 _aspa
100 _aFerré Pavia, Carme
245 0 _aCon faltas y a lo loco. ¿Qué es la edición periodística?
264 _a[Madrid, España] :
_bUniversitat Oberta de Catalunya,
_c2009
300 _a192 páginas
650 _aMedia Studies (Journ., TV, etc)
856 _uhttps://public.digitaliapublishing.com/a/20002
942 _cCF
999 _c87624
_d87624